000 00566cam a2200217 4500
008 000000n2001 000 0 eng u
020 _a0860175308
035 _a(Sirsi) u112029
050 _a693.5
100 _aBuenfeld, N.R.
100 _aYang, R.
245 _aOn-site curing of concrete - microstructure durability
260 _aLondon
_bCIRIA
_c2001
300 _a73p. ; 30cm.
490 _aCIRIA Publication
_vC530
650 _aCONCRETE
650 _aSTRUCTURES
690 _aBUILT ENVIRONMENT
710 _aConcrete Society
_92612
942 _n0
999 _c101346
_d101346